Marx's Capital : (Record no. 15432)
[ view plain ]
| 000 -LEADER | |
|---|---|
| fixed length control field | 01041nam a2200301 a 4500 |
| 001 - CONTROL NUMBER | |
| control field | 410954 |
| 005 - DATE AND TIME OF LATEST TRANSACTION | |
| control field | 19811211000000.0 |
| 008 - FIXED-LENGTH DATA ELEMENTS--GENERAL INFORMATION | |
| fixed length control field | 811210s1980 enk b 001 0 eng |
| 010 ## - LIBRARY OF CONGRESS CONTROL NUMBER | |
| LC control number | 80040198 |
| 015 ## - NATIONAL BIBLIOGRAPHY NUMBER | |
| National bibliography number | GB*** |
| 020 ## - INTERNATIONAL STANDARD BOOK NUMBER | |
| International Standard Book Number | 0415571014 |
| 020 ## - INTERNATIONAL STANDARD BOOK NUMBER | |
| International Standard Book Number | 9780415571012 |
| 040 ## - CATALOGING SOURCE | |
| Original cataloging agency | DLC |
| Transcribing agency | DLC |
| Modifying agency | DLC |
| 050 00 - LIBRARY OF CONGRESS CALL NUMBER | |
| Classification number | HB501.M37 |
| Item number | P48 |
| 082 00 - DEWEY DECIMAL CLASSIFICATION NUMBER | |
| Classification number | 335.41 |
| Edition number | 22 |
| Item number | PIL |
| 100 1# - MAIN ENTRY--PERSONAL NAME | |
| Personal name | Pilling, Geoffrey. |
| 9 (RLIN) | 24240 |
| 245 10 - TITLE STATEMENT | |
| Title | Marx's Capital : |
| Remainder of title | Philosophy and Political Economy / |
| Statement of responsibility, etc | Geoffrey Pilling. |
| 260 ## - PUBLICATION, DISTRIBUTION, ETC. (IMPRINT) | |
| Place of publication, distribution, etc | London ; |
| -- | Boston : |
| Name of publisher, distributor, etc | Routledge & Kegan Paul, 1980 |
| Date of publication, distribution, etc | c1980. |
| 300 ## - PHYSICAL DESCRIPTION | |
| Extent | 215 p. ; |
| Dimensions | 23 cm. |
| 490 ## - Series Statement | |
| -- | 24244 |
| Series statement | Routledge Revivals |
| 504 ## - BIBLIOGRAPHY, ETC. NOTE | |
| Bibliography, etc | Includes bibliographical references(p. 208-210) and indexes |
| 600 10 - SUBJECT ADDED ENTRY--PERSONAL NAME | |
| Personal name | Marx, Karl, |
| Dates associated with a name | 1818-1883. |
| Title of a work | Kapital. |
| 9 (RLIN) | 24241 |
| 650 #0 - SUBJECT ADDED ENTRY--TOPICAL TERM | |
| Topical term or geographic name as entry element | Capital. |
| 9 (RLIN) | 24242 |
| 650 #0 - SUBJECT ADDED ENTRY--TOPICAL TERM | |
| Topical term or geographic name as entry element | Economics. |
| 9 (RLIN) | 24243 |
| 653 ## - INDEX TERM--UNCONTROLLED | |
| Resource For college | |
| Arrived date list | May2011 |
| 942 ## - ADDED ENTRY ELEMENTS (KOHA) | |
| Source of classification or shelving scheme | Dewey Decimal Classification |
| Item type | Book - Borrowing |
| Withdrawn status | Item status | Source of classification or shelving scheme | Damaged status | Not for loan | Vendor | Home library | Current library | Shelving location | Date acquired | Source of acquisition | Cost, normal purchase price | Serial Enumeration / chronology | Total Checkouts | Total Renewals | Full call number | Barcode | Date last seen | Date last borrowed | Koha item type |
|---|---|---|---|---|---|---|---|---|---|---|---|---|---|---|---|---|---|---|---|
| Dewey Decimal Classification | Baccah | Central Library | Central Library | First floor | 26/05/2011 | 780.00 | 12337 | 2 | 1 | 335.41 PIL | 000023757 | 15/07/2025 | 23/04/2014 | Book - Borrowing |